Statistics for National Parks of Canada

Click here to take the quiz!

General Stats

  • This quiz has been taken 83 times
  • The average score is 15 of 47

Answer Stats

LocationSiteAnswer% Correct
AlbertaParkBanff
98%
AlbertaParkJasper
93%
British ColumbiaParkYoho
68%
Alberta, Northwest TerritoriesParkWood Buffalo
61%
New BrunswickParkFundy
55%
Nova ScotiaParkCape Breton Highlands
52%
Prince Edward IslandParkPrince Edward Island
52%
AlbertaParkWaterton Lakes
52%
British ColumbiaParkGlacier
50%
British ColumbiaParkKootenay
50%
Newfoundland and LabradorParkGros Morne
48%
AlbertaParkElk Island
41%
YukonPark & ReserveKluane
41%
OntarioParkPoint Pelee
41%
SaskatchewanParkGrasslands
39%
British ColumbiaReservePacific Rim
39%
British ColumbiaParkMount Revelstoke
36%
Northwest TerritoriesReserveNahanni
32%
OntarioParkThousand Islands
32%
SaskatchewanParkPrince Albert
30%
Newfoundland and LabradorParkTerra Nova
30%
OntarioParkBruce Peninsula
27%
ManitobaParkRiding Mountain
27%
Newfoundland and LabradorParkTorngat Mountains
25%
ManitobaParkWapusk
25%
OntarioParkGeorgian Bay Islands
23%
YukonParkIvvavik
23%
British ColumbiaReserveGwaii Haanas
20%
Nova ScotiaParkKejimkujik
20%
OntarioParkPukaskwa
20%
Nova ScotiaReserveSable Island
20%
QuebecParkForillon
18%
British ColumbiaReserveGulf Islands
18%
New BrunswickParkKouchibouguac
16%
QuebecParkLa Mauricie
14%
OntarioParkRouge
14%
NunavutParkSirmilik
14%
YukonParkVuntut
14%
Newfoundland and LabradorReserveAkami-Uapishk/KakKasuak/Mealy Mountains
11%
NunavutParkAuyuittuq
11%
NunavutParkUkkusiksalik
11%
QuebecReserveMingan Archipelago
9%
NunavutParkQausuittuq
9%
Northwest TerritoriesParkTuktut Nogait
9%
Northwest TerritoriesParkAulavik
7%
Northwest TerritoriesReserveNááts'ihch'oh
7%
NunavutParkQuttinirpaaq
5%

Score Distribution

Percentile by Number Answered

Percent of People with Each Score

Your Score History

You have not taken this quiz